Word Ladder: Disney Villains Quiz Stats

 Plays Quiz Updated Apr 6, 2018

Score 0/35 Timer 04:00
2 Plays Today
Clue 4-Letter Word % Correct
Peter Pan villainHOOK
92.2%
The Lion King villainSCAR
88.9%
Work in the kitchenCOOK
85.1%
VomitPUKE
85%
Goose soundHONK
84%
Belonging to that womanHERS
82.3%
Third gospelLUKE
82%
Bacon and hamPORK
81.8%
City in southern IrelandCORK
80%
Like meat without much fatLEAN
79.9%
Michigan, e.g.LAKE
79.1%
Make a digital copySCAN
78.8%
Hammerin' ____ AaronHANK
78.4%
Penn or Bean, e.g.SEAN
78.1%
Frozen villainHANS
77.5%
CougarPUMA
77.4%
Use your cochlear nerveHEAR
77.4%
ScorchSEAR
76.3%
Clue 4-Letter Word % Correct
German misterHERR
74.9%
Extra company benefitPERK
74.7%
Primary roleLEAD
73.7%
____ shell necklacePUKA
73.7%
'3:10 to ____'YUMA
72.7%
What a bank doesLEND
72%
Egg layersHENS
70.4%
Toy manufacturerLEGO
67.7%
Attempt at a sceneTAKE
67.4%
Carson's successorLENO
66.5%
Trump resort Mar-a-____LAGO
65.7%
Aladdin villainIAGO
59.3%
Emperor's New Groove villainYZMA
46.8%
Gorilla in Disney's TarzanTERK
46.6%
Member of Tau Kappa Epsilon fraternityTEKE
39%
It comes after giga-TERA
38.8%
Moana villainTE KĀ
35.9%

Today's Daily Dose

You're not logged in!

Compare scores with friends on all Sporcle quizzes.
OR
Log In

Show Comments

Extras

Top Quizzes Today


Score Distribution

Your Account Isn't Verified!

In order to create a playlist on Sporcle, you need to verify the email address you used during registration. Go to your Sporcle Settings to finish the process.

Report this User

Report this user for behavior that violates our Community Guidelines.

Details: